Quelle est (était) la taille de ces personnalités 17 - Statistiques

Statistiques générales
  • Ce quiz a été pris 14 fois
  • Le résultat moyen est 4 sur 20
Statistiques - réponses
Hint Réponse % Correct
Hugo Lloris 1,88 m
62%
Kad Merad 1,83 m
54%
Juliette Gréco 1,65 m
38%
Claude Rich 1,80 m
31%
Georges Brassens 1,82 m
31%
Line Renaud 1,61 m
23%
Brigitte Bardot 1,67 m
23%
Lara Fabian 1,63 m
15%
Laurent Voulzy 1,71 m
15%
Daniel Balavoine 1,77 m
15%
Aimé Jacquet 1,82 m
15%
Annie Cordy 1,60 m
8%
Jenifer 1,60 m
8%
Richard Virenque 1,79 m
8%
Philippe Noiret 1,83 m
8%
Tom Hanks 1,83 m
8%
Frédéric François 1,64 m
0%
Laurent Jalabert 1,76 m
0%
Guillaume Canet 1,80 m
0%
Yves Rénier 1,82 m
0%
Aucun quiz correspondant
Distribution des résultats
% des personnes avec chaque résultat
Percentile par nombre de réponses
Votre historique - résultats
Vous n’avez pas pris ce quiz